00435nam a22001457a 4500008004100000040001800041041000800059100003000067245008200097250001200179260004400191300001800235600001700253650001900270130821s1933 fr gr fre  aCo-BoUCMbspa00afre aHuxley, Aldousd1894-196303aLemeilleur des mondescAldous huxley ; traduit de L'Anglais par Jules Castier a2a. ed. aParís (Francia)bLibrairie Plonc1933 a331 páginas aCastro Silva04aNovela inglesa